Estatísticas para Cultura Geral

Clique aqui para jogar o quiz

Estatísticas Gerais

  • Esse quiz foi jogado 18 vezes
  • A pontuação média é 3 de 15

Estatísticas das Respostas

HintResposta% Correto
Que nome damos ao local onde se assiste a filmes?Cinema
100%
Que nome damos á aquisição clandestina de informação confidencial?Espionagem
24%
Que jogo de cartas é o mais popular do mundo?Póquer
24%
Que nome damos á especialidade biológica e médica que estuda os vírus e suas propriedades?Virologia
24%
Que especialidade da biologia estuda a morfologia, ecologia, genética e bioquímica das bactérias bem como outros muitos aspectos relacionados com elas?Bacteriologia
18%
Que ramo da biologia que estuda os parasitas, seus hospedeiros e relações entre eles?Parasitologia
18%
Que nome damos a uma substância ou mistura que neutraliza os efeitos de um veneno?Antídoto
12%
Que nome damos ao conjunto de normas cerimoniais?Etiqueta
12%
Que nome damos ao estudo dos tecidos biológicos e plasmáticos?Histologia
6%
Que nome damos ao produto farmacêutico, com finalidade profilática, curativa, paliativa ou para fins de diagnóstico?Medicamento
6%
Que nome damos ao comércio de substâncias consideradas ilícitas pela maioria dos governos?Narcotráfico
6%
Que nome damos a um menor elemento linguístico que pode ser proferido de forma isolada, com conteúdo semântico ou pragmático?Palavra
6%
Que ramo da biologia e especialidade clínica que estuda o sangue dos demais animais com sistema circulatório fechado?Hematologia
0%
Que nome damos a um um aparelho que mede e grava registros de diversas variáveis fisiológicas?Polígrafo
0%
Que nome damos a uma ação deliberada que visa enfraquecer um governo, esforço ou organização através de subversão, obstrução, ruptura ou destruição?Sabotagem
0%

Distribuição das Pontuações

Percentil de Números Respondidos

Porcentagem de Pessoas com Cada Pontuação

Sua Pontuação Histórica

Você não jogou esse quiz